=LDR 00000nam 2200000 4500 =001 INLIS000000000000365 =005 20150310145302.0 =006 =007 =008 Ind =035 ##$$0010-061300000000365 =041 ##$$a Ind =082 ##$$a 959.807 =090 ##$$a 959.807 Ilm =245 ##$$a Ilmu pengetahuan sosial sejarah 1a sesuai kurikulum 1994 untuk kelas 1 caturwulan 1 SLTP =260 ##$$a Klaten $b Intan Pariwara $c 1994 =300 ##$$a 95 hlm. : ilus. ; 21 cm =650 ##$$a Sejarah =650 ##$$a Studi dan Pengajaran =850 ##$$a NBPNMAT